Family Business Succession in the v3 Countries
Rodinné podnikanie a plánovanie nástupníctva. Analýza procesu odovzdávania rodinného podniku a jeho podpora zo strany krajských úradov v Juhočeskom kraji (Česká republika), Prešovskom kraji (Slovensko) a Mazowieckom kraji (Poľsko).
Na minha lista:
| Autor principal: | |
|---|---|
| Outros Autores: | |
| Formato: | Capítulo de Livro |
| Idioma: | inglês |
| Assuntos: | |
| Tags: |
Sem tags, seja o primeiro a adicionar uma tag!
|
MARC
| LEADER | 00000naa a2200000 4500 | ||
|---|---|---|---|
| 001 | 0282460 | ||
| 005 | 20220307114108.2 | ||
| 041 | 0 | |a eng | |
| 044 | |a CZ | ||
| 245 | 1 | 0 | |a Family Business Succession in the v3 Countries |c Martin Luštický, Martin Musil |
| 520 | |a Rodinné podnikanie a plánovanie nástupníctva. Analýza procesu odovzdávania rodinného podniku a jeho podpora zo strany krajských úradov v Juhočeskom kraji (Česká republika), Prešovskom kraji (Slovensko) a Mazowieckom kraji (Poľsko). | ||
| 610 | 2 | 0 | |a podnikanie rodinné |
| 610 | 2 | 0 | |a podnik rodinný |
| 610 | 2 | 0 | |a plánovanie |
| 610 | 2 | 0 | |a Česko |
| 610 | 2 | 0 | |a Poľsko |
| 610 | 2 | 0 | |a Slovensko |
| 100 | 1 | |a Luštický, Martin | |
| 700 | 1 | |a Musil, Martin | |